Most Attended Funerals in History - Statistics

General Stats
  • This quiz has been taken 85 times
  • The average score is 12 of 20
Answer Stats
No. of attendees Year Answer Hint Country % Correct
>1,000,000 2022 Elizabeth II monarch United Kingdom
92%
>1,000,000 1997 Diana princess United Kingdom
90%
3,500,000 1984 Indira Gandhi prime minister India
83%
>2,000,000 1948 Mahatma Gandhi activist India
83%
4,000,000 2005 John Paul II Pope Vatican City
79%
2,000,000 1994 Kim Il-Sung Supreme Leader North Korea
79%
1,000,000 1997 Mother Teresa nun India
74%
>1,000,000 1976 Mao Zedong chairman China
67%
3,000,000 1952 Eva Perón First Lady Argentina
59%
~700,000 1980 Josip Broz Tito president Yugoslavia
56%
3,000,000 1994 Ayrton Senna racing driver Brazil
55%
1,135,000 1974 Juan Perón president Argentina
50%
1,000,000-3,000,000 2013 Hugo Chávez president Venezuela
46%
~7,200,000 1989 Ruhollah Khomeini Ayatollah Iran
45%
1,500,000 1852 Arthur Wellesley military officer United Kingdom
42%
2,000,000-3,000,000 1885 Victor Hugo writer France
40%
>3,000,000 1970 Gamal Abdel Nasser president Egypt
37%
1,500,000 1964 Jawaharlal Nehru prime minister India
31%
2,500,000 1975 Chiang Kai-Shek president Taiwan
26%
>7,000,000 2020 Qasem Soleimani military officer Iran
15%
No matching quizzes found
Score Distribution
Percent of People with Each Score
Percentile by Number Answered
Your Score History
You have not taken this quiz